| 000 | 00891cam a2200265 i 4500 | ||
|---|---|---|---|
| 999 |
_c900 _d900 |
||
| 001 | 19112 | ||
| 003 | BD-DhUAP | ||
| 005 | 20200129091357.0 | ||
| 008 | 200129s2012 ii b 001 0 eng | ||
| 010 | _a 2013316782 | ||
| 020 | _a9788131771662 | ||
| 025 | _aI-E-2013-316782; 63-01 | ||
| 037 | _bLibrary of Congress -- New Delhi Overseas Office | ||
| 040 |
_aDLC _beng _erda _cDLC _dBD-DhUAP |
||
| 082 |
_a327 INT _223 |
||
| 245 | 0 | 0 |
_aInternational relations : _bperspectives for the global south / _cedited by Bhupinder S. Chimni and Siddharth Mallavarapu. |
| 264 | 1 |
_aDelhi : _bPearson, _cc2012. |
|
| 300 |
_axxiv, 472 pages ; _c24 cm |
||
| 504 | _aIncludes bibliographical references and index. | ||
| 651 | 0 |
_aDeveloping countries _xForeign relations. |
|
| 651 | 0 |
_aIndia _xForeign relations. |
|
| 700 | 1 | _aChimni, Bhupinder S. | |
| 700 | 1 | _aMallavarapu, Siddharth. | |
| 942 |
_2ddc _cBK |
||